| 000 | 00646nam a2200193 b 4500 | ||
|---|---|---|---|
| 001 | bimo0001601694 | ||
| 003 | OSt | ||
| 005 | 20140311213003.0 | ||
| 008 | 000925s2000 sp | ||| ||spa | ||
| 020 | _a84-7914-480-7 | ||
| 040 |
_aSpMaBN _cBMC |
||
| 082 | _a207.114641 | ||
| 100 |
_92529 _aAndrés Martín, Melquíades |
||
| 245 | 1 | 3 |
_aEl Seminario Teológico Hispanoamericano (1953-1966) _b: historia, memorias, documentos _cMelquíades Andrés Martín |
| 260 | 0 |
_aMadrid _bBiblioteca de Autores Cristianos _c2000 |
|
| 300 |
_aXX, 287 p. _c20 cm |
||
| 610 | 2 | 4 |
_92645 _aSeminario Teológico Hispanoamericano (Madrid) _vHistoria |
| 942 |
_2ddc _cBK |
||
| 999 |
_c1602 _d1602 |
||